000 00446nam a2200193Ia 4500
003 OSt
005 20250818091454.0
008 250729s2005 xx 000 0 und d
020 _a978-0073532080
040 _cAL
041 _aeng
082 _a150 MARI
100 _aSantrock w john
_9221367
245 _aChild developmnt
260 _aNew Delhi
_bTata M C
_c2005
300 _a724p
650 _aPsychology
_9221368
942 _2ddc
_cBED
999 _c234977
_d234977